Burócratas del polvo / (Record no. 10510)
[ view plain ]
| 000 -CABECERA | |
|---|---|
| campo de control de longitud fija | 00719nam a2200229 a 4500 |
| 001 - NÚMERO DE CONTROL | |
| campo de control | 000010755 |
| 005 - FECHA Y HORA DE LA ÚLTIMA TRANSACCIÓN | |
| campo de control | 20250219074027.0 |
| 008 - DATOS DE LONGITUD FIJA--INFORMACIÓN GENERAL | |
| campo de control de longitud fija | 091009s1984 dr 000 p spa d |
| 040 ## - FUENTE DE LA CATALOGACIÓN | |
| Centro catalogador/agencia de origen | DO-SdBNP |
| Lengua de catalogación | spa |
| Centro/agencia transcriptor | BNPHU |
| 082 ## - NÚMERO DE LA CLASIFICACIÓN DECIMAL DEWEY | |
| Número de clasificación | RD861.44 |
| Número de documento/Ítem | P438bu |
| 049 ## - FONDOS LOCALES (OCLC) | |
| Fondos de biblioteca | BNPD |
| 100 1# - ENTRADA PRINCIPAL--NOMBRE DE PERSONA | |
| Nombre de persona | Pérez, Isael, |
| Fechas asociadas al nombre | 1961- |
| 9 (RLIN) | 1414 |
| 245 10 - MENCIÓN DE TÍTULO | |
| Título | Burócratas del polvo / |
| Mención de responsabilidad, etc. | Isael Pérez. |
| 260 ## - PUBLICACIÓN, DISTRIBUCIÓN, ETC. | |
| Lugar de publicación, distribución, etc. | Santo Domngo : |
| Nombre del editor, distribuidor, etc. | Taller, |
| Fecha de publicación, distribución, etc. | 1984. |
| 300 ## - DESCRIPCIÓN FÍSICA | |
| Extensión | 65 p. : |
| Otras características físicas | retr. ; |
| Dimensiones | 21 cm. |
| 490 1# - MENCIÓN DE SERIE | |
| Mención de serie | Artesanos |
| Designación de volumen o secuencia | 1 |
| 590 ## - NOTA LOCAL (RLIN) | |
| Nota local | Perteneció a la biblioteca personal de Juan Isidro Jimenes Grullón. |
| 650 #0 - PUNTO DE ACCESO ADICIONAL DE MATERIA--TÉRMINO DE MATERIA | |
| Término de materia o nombre geográfico como elemento de entrada | Poesía dominicana |
| 9 (RLIN) | 66 |
| 650 #0 - PUNTO DE ACCESO ADICIONAL DE MATERIA--TÉRMINO DE MATERIA | |
| Término de materia o nombre geográfico como elemento de entrada | Literatura dominicana. |
| 9 (RLIN) | 67 |
| 830 #0 - PUNTO DE ACCESO ADICIONAL DE SERIE-TÍTULO UNIFORME | |
| Título uniforme | Artesanos |
| Número de parte o sección de la obra | 1 |
| 9 (RLIN) | 25966 |
| 910 ## - DATOS DE OPCIÓN DEL USUARIO (OCLC) | |
| Datos de opción del usuario | Validado. Control de calidad MFF |
| Estado de retiro | Estado de pérdida | Restricciones de uso | No para préstamo | Código de colección | Localización permanente | Ubicación/localización actual | Ubicación en estantería | Fecha de adquisición | Número de inventario | Total de préstamos | Signatura topográfica completa | Código de barras | Fecha visto por última vez | Número de copia | Precio válido a partir de | Tipo de ítem Koha | Nota pública |
|---|---|---|---|---|---|---|---|---|---|---|---|---|---|---|---|---|---|
| Dominicana de Servicio | General | General | Depósito | 21.06.2011 | LF1 | RD861.44 P438bu | 10755-30 | 25.06.2020 | e. 3 | 25.06.2020 | Libro y Folleto Colección Dominicana de Servicio | ||||||
| Excluido de préstamo | Patrimonio Dominicano | Patrimonio Dominicano | Patrimonio Dominicano | Depósito | 09.10.2009 | LF1 | RD861.44 P438bu | 10755-10 | 25.06.2020 | 25.06.2020 | Libro y Folleto Colección Patrimonio Dominicano | Perteneció a la biblioteca personal de Juan Isidro Jimenes-Grullón | |||||
| Excluido de préstamo | Patrimonio Dominicano | Patrimonio Dominicano | Patrimonio Dominicano | Depósito | 09.10.2009 | LF1 | RD861.44 P438bu | 10755-20 | 25.06.2020 | e.2 | 25.06.2020 | Libro y Folleto Colección Patrimonio Dominicano |
